| 000 | 00501nam a2200193Ia 4500 | ||
|---|---|---|---|
| 003 | 0100 | ||
| 005 | 20170119145101.0 | ||
| 008 | 130303s9999 xx 000 0 und d | ||
| 040 | _cARRUPELIB | ||
| 050 | _aB2430.T373A313 1971 | ||
| 100 |
_aTeilhard de Chardin, Pierre _928418 |
||
| 245 | _aActivation of energy | ||
| 260 | _aNew York | ||
| 260 | _bHarcourt, Brace, Jovanovich | ||
| 300 | _a416p. | ||
| 300 | _b 21cm | ||
| 650 |
_aReligion and Science _y1946 _928419 |
||
| 942 |
_2lcc _cMONOGRAPH |
||
| 999 |
_c32323 _d32323 |
||